000
00311nam a22001457a 4500
008
210311b ||||| |||| 00| 0 eng d
020
_a
9780205972241
041
_a
eng
080
_2
4th
_a
159.9
082
_a
159.9
100
_a
48
101
_a
PSI
245
_a
Psychology
_c
White, J. N
942
_2
udc
_c
BK
999
_c
56400
_d
56400